Hotel Gastro, Nováky. Obnova a adaptácia objektu.

Salvato in:
Dettagli Bibliografici
Autore principale: Stankovská, Natália (Autore)
Altri autori: Vargová, Andrea (Relatore della tesi)
Natura: Manoscritto Libro
Lingua:slovacco
Pubblicazione: 2024
Soggetti:
Accesso online:http://is.stuba.sk/zp/portal_zp.pl?podrobnosti=179574
https://opac.crzp.sk/?fn=detailBiblioForm&sid=9A7D98113A4E7D6F02A77EA0EB46
Tags: Aggiungi Tag
Nessun Tag, puoi essere il primo ad aggiungerne!!

MARC

LEADER 00000ntm a22000003a 4500
001 stuzp98892
003 SK-STU
005 20240927115455.0
007 ta
008 150427s2015----xo-----f-mn---000-0-slo-d
040 |a STU  |b slo 
041 0 |a slo 
100 1 |a Stankovská, Natália  |u 010180  |4 aut  |U SvF Stavebná fakulta  |T SvF Katedra konštrukcií pozemných stavieb  |X 81117  |U V180  |Y 18  |7 81117 
242 0 1 |a Hotel Gastro, Nováky. Restoration and adaptation of the object.  |y eng 
245 1 0 |a Hotel Gastro, Nováky. Obnova a adaptácia objektu. 
260 |c 2024 
650 4 |a hotel  |2 slo 
650 4 |a obnova  |2 slo 
650 4 |a Nováky  |2 slo 
650 4 |a hotel  |2 eng 
650 4 |a renovation  |2 eng 
650 4 |a Nováky  |2 eng 
700 1 |a Vargová, Andrea  |u 010180  |k Z1  |4 ths  |U SvF Stavebná fakulta  |T SvF Katedra konštrukcií pozemných stavieb  |X 618  |U V180  |Y 18  |7 A000000618 
856 4 |u http://is.stuba.sk/zp/portal_zp.pl?podrobnosti=179574 
856 4 |u https://opac.crzp.sk/?fn=detailBiblioForm&sid=9A7D98113A4E7D6F02A77EA0EB46